000 03131cam a2200277 a 4500
005 20170724091510.0
008 890717s1907 fr fr 00110 fre d
040 _ala
_cSandra Yazo (modificó)
_dSandra Yazo (modificó)
041 0 _alat
_afre
082 0 4 _a340.54
_220
092 _aE27N016
100 1 _aBry, Georges
_d1847-
_935318
242 0 0 _aPrincipios de Derecho Romano
_bExplicados en su evolución y desarrollo histórico. Para uso de los estudiantes de las facultades de Derecho.
_cpor Georges Ernest Bry
_yspa
245 1 0 _aPrincipes de droit romain
_bExposés dans leur développement historique. À l’usage des étudiants des facultés de droit
_cpar Georges Ernest Bry
250 _aQuatriéme édition [Cuarta edición],
_brevue et corrigée [corregida y revisada]
260 _aParís (Francia)
_bL. Larose et L. Tenin
_c1907
300 _a3 volúmenes (vii, 222 ; 223-438 ; 439-711 páginas)
_c18 x 12 cm.
500 _aDetalles físicos: Encuadernación rígida (holandesa) en cartón forrado con papel. Lomo en cuero con letras y adornos repujados. Texto bien impreso, sobre papel de calidad, en una sola columna. Algunas notas de pie de página. Párrafos numerados. Libro fue dividida y encuadernado en varios tomos. V.1 empieza a desencuadernarse. Portada en una tinta. V.2 con algunos cuadernillos sueltos. Tapas muy deterioradas. V.3 hojas muy dobladas en bordes, tapas rotas y con raspaduras
505 0 _aV.1: Introducción: Idea del Derecho entre los romanos ; Historia de las fuentes del Derecho -- Parte I - II: Las Personas ; El estado de persona libre ; Los esclavos ; El estado de ciudadano ; El derecho de la familia ; Personas bajo tutela ; Personas bajo curatela ; Pérdida o modificación del estado jurídico de las personas -- Las cosas ; Derechos patrimoniales y acciones que los ratifican ; Los derechos en general ; Teoría general sobre las acciones ; Organización judicial romana ; Los procedimientos romanos ; Sistemas procedimentales romanos -- V.2: Parte II: Derechos civiles reales ; El derecho de propiedad ; Los derechos de servidumbre ; Acciones civiles reales ; La reivindicación ; Acciones de reconocimiento y confesión ; Acciones para negar ; Derechos pretorianos ; Acciones pretorianas ; La capacidad de adquirir y de enajenar ; Las formas de adquirir ; La herencia o sucesión testamentaria ; La herencia ab intestato ; Formas de transmisión del patrimonio, diferentes a la herencia -- V.3: Parte II: Teoría general de las obligaciones, con el supuesto de un solo acreedor y un solo deudor ; Características esenciales y clasificación de las obligaciones ; Los contratos solemnes ; Efectos de las obligaciones ; Traslado de obligaciones ; Extinción de obligaciones ; Teoría general de las obligaciones, en la hipótesis de varios acreedores y de varios deudores ; Teoría especial de las obligaciones
506 _aConsulta en sala
546 _aTexto en latín y francés
650 7 _aDerecho romano
_xCompendios
_938997
650 7 _aDerecho romano
_xFuentes
_963971
690 _aDerecho romano
_912827
942 _cLIBRO
_e4
_2LOCAL
_hE27N016
999 _c167569
_d167569